| 000 | 00608nam a2200205 i 4500 | ||
|---|---|---|---|
| 001 | 187005 | ||
| 003 | SpMaBN | ||
| 005 | 20240202163051.0 | ||
| 008 | 170327s1993 sp |||| | spa d | ||
| 020 | _a84-7898-075-X | ||
| 080 | _a821.134.2-14"19" | ||
| 100 | 1 |
_aMachado, Antonio, _d1875-1939 _975151 |
|
| 245 | 1 | 0 |
_aTextos escogidos / _cAntonio Machado. |
| 260 |
_aSevilla : _bAlfar, _c1993. |
||
| 300 |
_a58 p. ; _c24 x 13 cm. |
||
| 490 | 1 |
_aLos libros de mejor vista ; _v14 |
|
| 830 | 0 |
_aLos libros de mejor vista ; _v14 _9192735 |
|
| 852 |
_aES-MaACL _jL-31324 |
||
| 999 |
_c187005 _d187005 |
||